Filosofía de la educación
Saved in:
| Main Author: | |
|---|---|
| Format: | Book |
| Language: | Spanish |
| Published: |
Buenos Aires
Losada
1946
|
| Series: | Biblioteca Pedagógica, 15
|
| Subjects: | |
| Tags: |
Add Tag
No Tags, Be the first to tag this record!
|
MARC
| LEADER | 00000nam a2200000 a 4500 | ||
|---|---|---|---|
| 001 | UCX9887 | ||
| 003 | CL-VaPUC | ||
| 008 | 940701e19460000AG |||||||||||||||||spa|d | ||
| 082 | 0 | 4 | |a 370.1 |b KIL |2 21 |
| 100 | |a Kilpatrick, William Heard |e author |9 586137 | ||
| 245 | 1 | 0 | |a Filosofía de la educación |
| 300 | |a 272 p | ||
| 942 | |c BK | ||
| 945 | |d 19940701 00:00:00 |a rbrito | ||
| 260 | |a Buenos Aires |b Losada |c 1946 | ||
| 650 | 0 | |a Filosofía de la educación |9 258384 | |
| 583 | |a last modification |c 19940701 00:00:00 |k Rodrigo Vera | ||
| 490 | 0 | |a Biblioteca Pedagógica, 15 | |
| 999 | |c 229013 |d 229011 | ||
| 952 | |0 0 |1 0 |4 0 |6 370_100000000000000_KIL_1946 |7 0 |8 P |9 229540 |a BIBEDU |b BIBEDU |c BIBEDU_PB |d 2019-11-15 |i 2987236 |o 370.1 KIL 1946 |p 2987236 |r 2024-01-25 |w 2019-11-15 |y BK |k EDU | ||